| 000 | 00000nam 2200000za 4500 |
| 001 | 9.697131 |
| 003 | CaOODSP |
| 005 | 20250811123111 |
| 007 | cr ||||||||||| |
| 008 | 150407|1992||||xxc|||||o f|0| 0 eng d |
| 040 | |aCaOODSP|beng |
| 043 | |an-cn--- |
| 086 | 1 |aCS92-F0061/1992E-PDF |
| 245 | 00|aUser guide - census divisions and census subdivisions |h[electronic resource] |
| 246 | 1 |iSeries title also given on publication as : |aReference map series |
| 250 | |aHistorical census publication digitized by Statistics Canada. |
| 260 | |aOttawa - Ontario : |bStatistics Canada |c1992. |
| 590 | |a13-04-Supp|b2013-02-13 |
| 690 | 07|aCensus|2gcpds |
| 710 | 2 |aStatistics Canada. |
| 775 | 08|tGuide de l'utilisateur - divisions de recensement et subdivisions de recensement |w(CaOODSP)9.641199 |
| 856 | 40|ahttp://publications.gc.ca|qPDF|s272 KB|uhttps://publications.gc.ca/collections/collection_2013/statcan/rh-hc/CS92-F0061-1992-eng.pdf |